| 000 | 02542cam a22005774a 4500 | ||
|---|---|---|---|
| 001 | muse3648 | ||
| 003 | MdBmJHUP | ||
| 005 | 20210127150856.0 | ||
| 006 | m o d | ||
| 007 | cr||||||||nn|n | ||
| 008 | 070620s2007 pau o 00 0 eng d | ||
| 010 | _z 2007025869 | ||
| 020 | _a9780271021225 | ||
| 020 | _a0271021225 | ||
| 020 | _z9780271032689 (cloth : alk. paper) | ||
| 020 | _z0271032685 (cloth : alk. paper) | ||
| 020 | _z9780271032696 (pbk. : alk. paper) | ||
| 020 | _z0271032693 (pbk. : alk. paper) | ||
| 035 | _a(OCoLC)233649522 | ||
| 040 |
_aMdBmJHUP _cMdBmJHUP |
||
| 043 | _ae-fr--- | ||
| 050 | 0 | 4 |
_aPQ673 _b.R64 2007 |
| 082 | 0 |
_a843/.91099287 _222 |
|
| 100 | 1 |
_aRogers, Juliette M., _d1961- |
|
| 245 | 1 | 0 |
_aCareer Stories _bBelle Époque Novels of Professional Development / _cJuliette M. Rogers. |
| 264 | 1 | _bPennsylvania State University Press, | |
| 264 | 3 | _bProject MUSE, | |
| 300 | _a1 online resource (249 p.) | ||
| 490 | 0 | _aRomance studies | |
| 504 | _aIncludes bibliographical references (p. [231]-238) and index. | ||
| 505 | 0 | _aInnovation and education : historical contexts from the Belle Epoque -- Literary contexts : Bildungsroman, Erziehungsroman, Berufsroman -- Dreams and disappointments : women's education novels -- Cervelines : women scientists in novels of professional development -- Independantes : professional women writers -- The composite : women lawyers in Les dames du palais -- After the war. | |
| 506 | 0 |
_aOpen Access _fUnrestricted online access _2star |
|
| 588 | _aDescription based on print version record. | ||
| 650 | 0 | _aProfessions in literature. | |
| 650 | 0 |
_aWomen and literature _zFrance _xHistory _y19th century. |
|
| 650 | 0 |
_aWomen and literature _zFrance _xHistory _y20th century. |
|
| 650 | 0 |
_aFrench fiction _y19th century _xHistory and criticism. |
|
| 650 | 0 |
_aFrench fiction _y20th century _xHistory and criticism. |
|
| 650 | 0 |
_aFrench fiction _xWomen authors _xHistory and criticism. |
|
| 655 | 7 |
_aElectronic books. _2local |
|
| 710 | 2 |
_aProject Muse. _edistributor |
|
| 830 | 0 | _aPenn State Romance studies. | |
| 830 | 0 | _aBook collections on Project MUSE. | |
| 856 | 4 | 0 |
_zFull text available: _uhttps://muse.jhu.edu/book/293/ |
| 945 | _aProject MUSE - Archive History Foundation | ||
| 945 | _aProject MUSE - Archive Complete Foundation | ||
| 999 |
_c23802 _d23802 |
||